Nuestro psicodrama /
| Autor corporatiu: | |
|---|---|
| Format: | Llibre |
| Idioma: | espanyol |
| Publicat: |
Brasil :
J. Degaspari,
2002
|
| Matèries: |
MARC
| LEADER | 00000nam a2200000Ia 4500 | ||
|---|---|---|---|
| 008 | 151104b2002 b ||||| |||| 00| | spa d | ||
| 999 | |c 297 |d 297 | ||
| 020 | |a 8589353036 | ||
| 090 | |a 05.03.07 |b 311 | ||
| 110 | 2 | |a Centro de Orientación y Atención Psicológica Alfonso Bernal del Riesgo |9 1160 | |
| 245 | 1 | 0 | |a Nuestro psicodrama / |c COAP, MEDICUBA-SUIZA |
| 260 | |a Brasil : |b J. Degaspari, |c 2002 | ||
| 300 | |a 188 páginas | ||
| 650 | 1 | 4 | |a RELATOS PERSONALES |9 422 |
| 650 | 1 | 4 | |a DINÁMICA DE GRUPOS |9 2314 |
| 942 | |i 001680 |h 05.03.07 311 |2 z |c 01 | ||
